How India pays for the war (Record no. 435544)

000 -LEADER
fixed length control field 00370cam a22001337a 4500
008 - FIXED-LENGTH DATA ELEMENTS--GENERAL INFORMATION
fixed length control field 180718b1943 xxu||||| |||| 00| 0 eng d
082 ## - DEWEY DECIMAL CLASSIFICATION NUMBER
Classification number N104x54 Sh13
100 ## - MAIN ENTRY--PERSONAL NAME
Personal name Shah, K.T.
245 ## - TITLE STATEMENT
Title How India pays for the war
Statement of responsibility, etc. by K.T. Shah
260 ## - PUBLICATION, DISTRIBUTION, ETC.
Place of publication, distribution, etc. Bombay
Name of publisher, distributor, etc. Pratibha
Date of publication, distribution, etc. 1943
300 ## - PHYSICAL DESCRIPTION
Extent 164p.
650 ## - SUBJECT ADDED ENTRY--TOPICAL TERM
Topical term or geographic name entry element World War, 1939-1945 --Finance --India
650 ## - SUBJECT ADDED ENTRY--TOPICAL TERM
Topical term or geographic name entry element Finance --India
Holdings
Withdrawn status Lost status Damaged status Not for loan Permanent Location Current Location Date acquired Full call number Barcode Date last seen Price effective from Koha item type
        Indian Institute of Public Administration Indian Institute of Public Administration 2010-02-25 N104x54 Sh13 21016 2018-07-21 2018-07-21 Book

Powered by Koha